|
|
|
|
| LEADER |
00000cam a2200000 7i4500 |
| 001 |
0000070955 |
| 005 |
20170227.0 |
| 008 |
170227 |
| 020 |
|
|
|a 9789674603113
|
| 090 |
0 |
0 |
|a 899.231
|b MOH
|
| 100 |
0 |
|
|a Mohamad Saleeh Rahamad
|
| 245 |
1 |
0 |
|a Kumpulan puisi :
|b serindit merah
|c Mohamad Saleeh Rahamad
|
| 260 |
|
|
|a Kuala Lumpur :
|b Institut Terjemahan & Buku Malaysia Berhad ,
|c 2016
|
| 300 |
|
|
|a 78 p. :
|b ill.,col. ;
|c 18.4 cm.
|
| 650 |
|
0 |
|a Malay poetry
|
| 999 |
|
|
|a 0001441345
|b Book
|c Adult Collection
|e Cawangan Sri Merlong
|
| 999 |
|
|
|a 0001441346
|b Book
|c Adult Collection
|e Cawangan Bandar Tenggara
|
| 999 |
|
|
|a 0001441347
|b Book
|c Adult Collection
|e Cawangan Batu Pahat
|
| 999 |
|
|
|a 0001441348
|b Book
|c Adult Collection
|e Cawangan Bukit Gambir
|
| 999 |
|
|
|a 0001441349
|b Book
|c Adult Collection
|e Cawangan Taman Sri Lambak
|
| 999 |
|
|
|a 0001441350
|b Book
|c Adult Collection
|e Cawangan Muar
|
| 999 |
|
|
|a 0001441351
|b Book
|c Adult Collection
|e Cawangan Segamat
|
| 999 |
|
|
|a 0001441352
|b Book
|c Adult Collection
|e Cawangan Pontian
|
| 999 |
|
|
|a 0001441353
|b Book
|c Adult Collection
|e Cawangan Tmn. Ungku Tun Aminah
|
| 999 |
|
|
|a 0001441354
|b Book
|c Adult Collection
|e Cawangan Tangkak
|
| 999 |
|
|
|a 0001441355
|b Book
|c Adult Collection
|e Cawangan Bandar Penawar
|
| 999 |
|
|
|a 0001441356
|b Book
|c Adult Collection
|e Cawangan Mersing
|
| 999 |
|
|
|a 0001441357
|b Book
|c Adult Collection
|e Cawangan Kota Tinggi
|
| 999 |
|
|
|a 0001444131
|b Book
|c Adult Collection
|e Perbadanan Perpustakaan Awam Johor
|
| 999 |
|
|
|a 0001444132
|b Book
|c Adult Collection
|e Perbadanan Perpustakaan Awam Johor
|
| 999 |
|
|
|a 0001444133
|b Book
|c Adult Collection
|e Cawangan Urban Transformation Centre
|
| 999 |
|
|
|a 0001444134
|b Book
|c Adult Collection
|e Cawangan Urban Transformation Centre
|
| 999 |
|
|
|a 0001444135
|b Book
|c Adult Collection
|e Cawangan AEON Kulaijaya
|